| 000 -LEADER |
| fixed length control field |
00668nam a22002177a 4500 |
| 005 - DATE AND TIME OF LATEST TRANSACTION |
| control field |
20211021115618.0 |
| 008 - FIXED-LENGTH DATA ELEMENTS--GENERAL INFORMATION |
| fixed length control field |
211020s2007 enk||||| |||| 00| 0 eng d |
| 020 ## - INTERNATIONAL STANDARD BOOK NUMBER |
| International Standard Book Number |
9788779897403 |
| 041 ## - LANGUAGE CODE |
| Language code of text/sound track or separate title |
eng |
| 080 ## - UNIVERSAL DECIMAL CLASSIFICATION NUMBER |
| Universal Decimal Classification number |
159.922 H-88 |
| 100 ## - MAIN ENTRY--PERSONAL NAME |
| Personal name |
Hubbard, L. Ron |
| 9 (RLIN) |
12697 |
| 245 ## - TITLE STATEMENT |
| Title |
Dianetiks : |
| Remainder of title |
The Evolution of a Science / |
| Statement of responsibility, etc. |
L. Ron Hubbard. |
| 264 ## - PRODUCTION, PUBLICATION, DISTRIBUTION, MANUFACTURE, AND COPYRIGHT NOTICE |
| Place of production, publication, distribution, manufacture |
Los Angeles : |
| Name of producer, publisher, distributor, manufacturer |
New Era, |
| Date of production, publication, distribution, manufacture, or copyright notice |
2007. |
| 300 ## - PHYSICAL DESCRIPTION |
| Extent |
213 p. |
| Other physical details |
24 cm. |
| 440 ## - SERIES STATEMENT/ADDED ENTRY--TITLE |
| Title |
A dianetics Publication |
| 9 (RLIN) |
12672 |
| 653 ## - INDEX TERM--UNCONTROLLED |
| keyword |
Dianetik |
| 653 ## - INDEX TERM--UNCONTROLLED |
| keyword |
დიანეტიკა |
| 653 ## - INDEX TERM--UNCONTROLLED |
| keyword |
The Evolution of a Science |
| 653 ## - INDEX TERM--UNCONTROLLED |
| keyword |
მეცნიერების ევოლუცია |
| 942 ## - ADDED ENTRY ELEMENTS (KOHA) |
| Source of classification or shelving scheme |
|
| Koha item type |
წიგნი |